Estatísticas para Os 15 principais países afetados pela Covid-19 - 22 de dezembro 2021

Clique aqui para jogar o quiz

Estatísticas Gerais

  • Esse quiz foi jogado 11 vezes
  • A pontuação média é 15 de 28

Estatísticas das Respostas

país% Correto
Brasil
100%
Estados Unidos
100%
Argentina
90%
França
90%
México
90%
Índia
80%
Itália
80%
Rússia
80%
Alemanha
70%
Espanha
70%
Reino Unido
70%
Colômbia
60%
Indonésia
60%
Irão
60%
Turquia
50%
Estônia
40%
Lituânia
40%
Países Baixos
40%
Bélgica
30%
Chéquia
30%
Eslováquia
30%
Eslovénia
30%
Israel
30%
Letónia
30%
Sérvia
30%
Croácia
20%
Geórgia
20%
Bahrein
0%

Distribuição das Pontuações

Percentil de Números Respondidos

Porcentagem de Pessoas com Cada Pontuação

Sua Pontuação Histórica

Você não jogou esse quiz